000 00448nam a2200145Ia 4500
008 211109s9999||||xx |||||||||||||| ||und||
082 _a894.8123
_bKAK-A
100 _aKakkanadan,
245 0 _aAdarnnuveenadiyunna Nakshathrangal
260 _bCurrent Book House
_aKottayam No 2835
_c1900
300 _a159p.
630 _xGENERAL STACK
650 _aMalayalam Literature
_vMalayalam Fiction
_xMalayalam NovelsShort StoriesMalayalam
942 _cBOOK
999 _c46484
_d46484